| 000 | 00989aam a2200361a 44500 | ||
|---|---|---|---|
| 008 | 030728s2003 cat | ||
| 017 | _aB-10573-2003 | ||
| 020 | _a8427306695 | ||
| 041 | _acat | ||
| 080 | _a796.51(038) | ||
| 100 |
_aPalos i Vadell, B. _960656 |
||
| 245 |
_aRecull de terminologia muntanyenca relacionada amb l'excursionisme _cBenigne Palos i Vadell |
||
| 250 | _a3a ed. novament rev. i molt augm | ||
| 260 |
_aMallorca _bMoll _c2003 |
||
| 300 |
_a71 p. _bil. _c21 cm |
||
| 500 | _aBibliografia | ||
| 500 | _aCategoria gramatical, remissions, àmbit d'ús | ||
| 520 | _aaprox. 640 | ||
| 546 | _acatalà | ||
| 591 | _a8230 | ||
| 592 | _aObra terminològica | ||
| 593 | _aVO | ||
| 593 | _aVOC | ||
| 594 | _a8230 | ||
| 650 |
_aexcursionisme _960657 |
||
| 650 |
_amuntanyisme _960658 |
||
| 901 | _c<2003> | ||
| 902 | _a030728 | ||
| 942 |
_cMO _n0 _2ddc |
||
| 999 |
_c62416 _d62416 |
||